000 00588nam a2200181Ia 4500
003 GCL
008 140319s9999 xx 000 0 ara d
040 _aGCL /
_cGCL
082 0 4 _a823
_bل ا
100 1 _aليدر، وليام ج.
245 1 0 _aالامريكى القبيح /
_cليدر، وليام ج.
260 _aالقاهرة :
_bالدار القومية للطباعة والنشر ،
_c1961
300 _a198 ص ؛
_c24 سم
650 0 4 _aالادب الامريكى
650 0 4 _aالقصص الامريكية
650 0 4 _aالقصص السياسية
942 _2ddc
_cBK
999 _c3069
_d3069